Statistiken für Die Top 16 aller PDC Dartsspieler 2005

Klicken Sie hier um das Quiz zu spielen!

Allgemein

  • Dieses Quiz wurde 12 mal gespielt
  • Das Durchschnittsergebnis liegt bei 9 aus 16

Antwortstatistiken

WeltranglistenplatzLandDartsspieler% Korrekt
1EnglandPhil Taylor
100%
12EnglandDennis Priestley
89%
11KanadaJohn Part
89%
2EnglandColin Lloyd
78%
7EnglandPeter Manley
78%
14EnglandAlan Warriner-Little
67%
6NiederlandeRoland Scholten
67%
4EnglandWayne Mardle
67%
5EnglandKevin Painter
56%
3EnglandRonnie Baxter
56%
8EnglandAndy Jenkins
44%
9EnglandMark Dudbridge
44%
15EnglandTerry Jenkins
44%
10EnglandDenis Ovens
33%
13EnglandMark Walsh
22%
16EnglandLionel Sams
11%

Verteilung der Resultate

Perzentil nach korrekt beantworteten Fragen

Anzahl Personen mit jedem Resultat

Ihre Resultats-Entwicklung

Sie haben dieses Quiz noch nicht gespielt